La escritura invisible el discurso autobiográfico en Alejandra Pizarnik /

Đã lưu trong:
Chi tiết về thư mục
Tác giả chính: Venti, Patricia
Định dạng: Điện tử eBook
Ngôn ngữ:Tiếng Tây Ban Nha
Được phát hành: Rubí, Barcelona : Anthropos, Editorial, 2008.
Phiên bản:1. ed.
Loạt:Pensamiento crítico/pensamiento utópico ; 176.
Pensamiento crítico/pensamiento utópico ; Cultura y diferencia.
Digitalia eBook Collection: Anthropos
Những chủ đề:
Truy cập trực tuyến:Digitalia Hispánica
Các nhãn: Thêm thẻ
Không có thẻ, Là người đầu tiên thẻ bản ghi này!

MARC

LEADER 00000nam a2200000Ia 4500
001 DIGANT0223
003 NyNyDIG
006 m d
007 cr |||||||||||
008 120901s2008 sp ob 000 0 spa d
020 |z 9788476588949 (pbk.) 
020 |z 8476588941 (pbk.) 
040 |a DGITA  |b eng  |e pn  |c DGITA 
043 |a cl----- 
050 4 |a PQ7797.P576 ebook 
100 1 |a Venti, Patricia. 
245 1 3 |a La escritura invisible   |h [electronic resource] :  |b el discurso autobiográfico en Alejandra Pizarnik /  |c Patricia Venti. 
250 |a 1. ed. 
260 |a Rubí, Barcelona :  |b Anthropos, Editorial,   |c 2008.  |e (New York, NY. :  |f Digitalia Inc,   |g 2012). 
300 |a 1 online resource (253 p.) 
490 1 |a Pensamiento crítico/pensamiento utópico ;  |v 176. 
490 1 |a Cultura y diferencia. Teoría feminista y cultura contemporánea. 
504 |a Includes bibliographical references (p. 229-251). 
506 |a Access restricted to subscribing institutions. 
600 1 0 |a Pizarnik, Alejandra,  |d 1936-1972  |x Criticism and interpretation. 
650 0 |a Autobiography in literature. 
655 0 |a Electronic books. 
791 2 |a Digitalia (Firm),  |e distributor. 
830 0 |a Pensamiento crítico/pensamiento utópico ;  |v 176. 
830 0 |a Pensamiento crítico/pensamiento utópico ;  |p Cultura y diferencia. 
830 0 |a Digitalia eBook Collection: Anthropos 
856 4 0 |3 Digitalia Hispánica  |u https://digitalia.unach.elogim.com/a/13279/